[Event "Nuremberg-ch op 01st"]
[Site "Nuremberg"]
[Date "2001.06.03"]
[Round "3"]
[White "Klempau, Thomas"]
[Black "Kuehnling, Klaus"]
[Result "1/2-1/2"]
[WhiteElo "1757"]
[BlackElo "1785"]
[PlyCount "85"]
[EventDate "2001.06.01"]
[EventType "swiss"]
[EventRounds "5"]
[EventCountry "GER"]
[SourceTitle "EXT 2003"]
[Source "ChessBase"]
[SourceDate "2002.11.25"]
[SourceVersion "1"]
[SourceVersionDate "2002.11.25"]
[SourceQuality "1"]

1. Nf3 Nf6 2. d3 d5 3. g3 c5 4. Nbd2 Nc6 5. Bg2 e5 6. e4 dxe4 7. dxe4 Be7 8. 0-0 0-0 9. Qe2 Bg4 10. c3 Qd7 11. Re1 Rfd8 12. Nc4 Qc7 13. Ne3 Bxf3 14. Bxf3 Rd7 15. Nf5 Rad8 16. Bg5 Ne8 17. Be3 Nd6 18. Nxe7+ Nxe7 19. Bg4 f5 20. exf5 Nexf5 21. Bg5 Re8 22. Rad1 Rf7 23. Qd3 h6 24. Bf4 exf4 25. Rxe8+ Nxe8 26. Bxf5 Rf8 27. Qc4+ Kh8 28. Rd5 fxg3 29. hxg3 b6 30. Qe2 Nf6 31. Re5 Qd8 32. Bg6 Qd6 33. Re3 Qc7 34. Re7 Qb8 35. Bf7 a5 36. c4 Qd6 37. b3 Kh7 38. Rb7 Kh8 39. Qf3 Kh7 40. Qf5+ Kh8 41. Qg6 Qd1+ 42. Kg2 Qd4 43. Re7 1/2-1/2

[Event "Pyramiden Franken Cup 1st"]
[Site "Fuerth"]
[Date "1998.??.??"]
[Round "7"]
[White "Klempau, Thomas"]
[Black "Hestermann, Hans Ludwig"]
[Result "1-0"]
[WhiteElo "1745"]
[BlackElo "1750"]
[PlyCount "80"]
[EventDate "1998.08.??"]
[EventType "swiss"]
[EventRounds "9"]
[EventCountry "GER"]
[SourceTitle "EXT 2001"]
[Source "ChessBase"]
[SourceDate "2000.11.22"]
[SourceVersion "1"]
[SourceVersionDate "2000.11.22"]
[SourceQuality "1"]

1. Nf3 Nf6 2. d3 d5 3. Nbd2 c6 4. g3 Bg4 5. Bg2 Nbd7 6. e4 Ne5 7. Qe2 Nxf3+ 8. Nxf3 dxe4 9. dxe4 Qc7 10. h3 Bxf3 11. Bxf3 e5 12. Be3 Be7 13. Bg2 0-0 14. 0-0 Nd7 15. Qc4 Kh8 16. h4 b6 17. a4 Bc5 18. Bd2 Rad8 19. Rad1 Nf6 20. b4 Rd4 21. Qe2 Be7 22. c3 Rd6 23. f4 Rdd8 24. f5 c5 25. b5 c4 26. Bg5 g6 27. g4 Rxd1 28. Rxd1 Ng8 29. Bxe7 Nxe7 30. f6 Ng8 31. Qf2 Rd8 32. Rd5 Rxd5 33. exd5 Nh6 34. Bh3 Qd6 35. g5 Nf5 36. Bxf5 gxf5 37. Qxf5 h6 38. g6 Qc5+ 39. Kf1 Kg8 40. Qd7 Qf8 1-0

[Event "Pyramiden Franken Cup 1st"]
[Site "Fuerth"]
[Date "1998.??.??"]
[Round "5"]
[White "Klempau, Thomas"]
[Black "Steffens, Olaf"]
[Result "0-1"]
[WhiteElo "1745"]
[BlackElo "2305"]
[PlyCount "90"]
[EventDate "1998.08.??"]
[EventType "swiss"]
[EventRounds "9"]
[EventCountry "GER"]
[SourceTitle "EXT 2001"]
[Source "ChessBase"]
[SourceDate "2000.11.22"]
[SourceVersion "1"]
[SourceVersionDate "2000.11.22"]
[SourceQuality "1"]

1. Nf3 e6 2. d3 b5 3. g3 Bb7 4. Bg2 d5 5. c3 Nf6 6. Nbd2 c5 7. 0-0 Be7 8. Re1 Nc6 9. a4 b4 10. e3 0-0 11. c4 dxc4 12. Nxc4 Qc7 13. a5 Rad8 14. Qc2 Ba6 15. Nfd2 Ng4 16. Bf1 Rd7 17. h3 Nge5 18. Nxe5 Nxe5 19. d4 Bxf1 20. Kxf1 Nc6 21. dxc5 Nxa5 22. Qa4 Nc6 23. Nb3 Ra8 24. Qb5 a5 25. e4 h5 26. Be3 e5 27. Ra4 Rdd8 28. Qc4 Qd7 29. Kg2 Qd3 30. Rc1 Qd7 31. Nd2 Nd4 32. c6 Qc7 33. Nb3 Nxb3 34. Qxb3 Rd6 35. Qc4 Rc8 36. Qb5 Rxc6 37. Bb6 Qb7 38. Rxc6 Rxc6 39. Rxa5 Qxb6 40. Ra8+ Bf8 41. Qxe5 Re6 42. Qg5 Rxe4 43. Qd5 Re2 44. Qf3 Rxb2 45. Rc8 Rxf2+ 0-1